Dlhová kríza v eurozóne, príčiny a prístupy k jej riešeniu bakalárska práca

Gespeichert in:
Bibliographische Detailangaben
1. Verfasser: Balogh, Marcel
Körperschaft: Národohospodárska fakulta EU. Katedra hospodárskej politiky
Weitere Verfasser: Fifeková, Elena
Format: Buch
Sprache:Slowakisch
Veröffentlicht: Bratislava 2016
Tags: Tag hinzufügen
Keine Tags, Fügen Sie das erste Tag hinzu!

MARC

LEADER 00000nbm a2200000 4500
001 0219683
005 20161125141145.7
041 0 |a slo 
044 |a SK 
245 1 0 |a Dlhová kríza v eurozóne, príčiny a prístupy k jej riešeniu  |b bakalárska práca  |c Marcel Balogh ; školiteľ: Elena Fifeková 
264 1 |a Bratislava  |c 2016 
300 |a 44 s. 
100 1 |a Balogh, Marcel 
700 1 |a Fifeková, Elena 
710 2 |a Národohospodárska fakulta EU. Katedra hospodárskej politiky